[Event "Moscow_Open_19_TurnirA"]
[Site "?"]
[Date "2019.01.28"]
[Round "3.1"]
[White "Sjugirov, Sanan"]
[Black "Shukh, Nikolai"]
[Result "1/2-1/2"]
[BlackElo "2459"]
[WhiteElo "2663"]
[LiveChessVersion "1.4.8"]

1. d4 {[%clk 1:30:56]} Nf6 {[%clk 1:30:52]} 2. c4 {[%clk 1:31:16]} g6
{[%clk 1:29:24]} 3. Nc3 {[%clk 1:31:35]} d5 {[%clk 1:29:48]} 4. cxd5
{[%clk 1:31:52]} Nxd5 {[%clk 1:30:12]} 5. e4 {[%clk 1:32:12]} Nxc3
{[%clk 1:30:36]} 6. bxc3 {[%clk 1:32:37]} c5 {[%clk 1:31:01]} 7. Be3
{[%clk 1:28:52]} Bg7 {[%clk 1:28:54]} 8. Nf3 {[%clk 1:29:06]} O-O
{[%clk 1:26:58]} 9. Be2 {[%clk 1:29:18]} Qc7 {[%clk 1:24:56]} 10. Rc1
{[%clk 1:22:34]} b6 {[%clk 1:21:45]} 11. O-O {[%clk 1:17:27]} Rd8
{[%clk 1:14:59]} 12. Qb3 {[%clk 1:13:26]} Nd7 {[%clk 1:02:05]} 13. Rfd1
{[%clk 1:04:54]} e6 {[%clk 0:54:24]} 14. Bg5 {[%clk 0:55:38]} Re8
{[%clk 0:51:16]} 15. Bh4 {[%clk 0:46:25]} Bb7 {[%clk 0:49:07]} 16. Bg3
{[%clk 0:45:26]} Qc8 {[%clk 0:48:45]} 17. Nd2 {[%clk 0:43:04]} Nf6
{[%clk 0:38:57]} 18. Bf3 {[%clk 0:41:52]} Bh6 {[%clk 0:31:15]} 19. Qb1
{[%clk 0:42:04]} cxd4 {[%clk 0:28:37]} 20. cxd4 {[%clk 0:42:06]} Qd8
{[%clk 0:29:04]} 21. Rc7 {[%clk 0:37:34]} Re7 {[%clk 0:29:20]} 22. Rxe7
{[%clk 0:35:43]} Qxe7 {[%clk 0:29:45]} 23. Nc4 {[%clk 0:35:55]} Nh5
{[%clk 0:26:50]} 24. Be5 {[%clk 0:28:44]} Rd8 {[%clk 0:24:51]} 25. h3
{[%clk 0:26:30]} Nf4 {[%clk 0:22:26]} 26. Qb3 {[%clk 0:22:25]} f6
{[%clk 0:20:36]} 27. Bxf4 {[%clk 0:22:00]} Bxf4 {[%clk 0:21:01]} 28. d5
{[%clk 0:21:56]} Kg7 {[%clk 0:17:54]} 29. g3 {[%clk 0:21:34]} Bb8
{[%clk 0:17:14]} 30. h4 {[%clk 0:16:56]} h5 {[%clk 0:14:05]} 31. a4
{[%clk 0:16:09]} exd5 {[%clk 0:12:12]} 32. exd5 {[%clk 0:16:35]} Qc5
{[%clk 0:12:25]} 33. Ne3 {[%clk 0:10:55]} Be5 {[%clk 0:11:37]} 34. Qd3
{[%clk 0:10:22]} Qc3 {[%clk 0:10:11]} 35. Qe2 {[%clk 0:10:28]} Bc8
{[%clk 0:08:03]} 36. Kg2 {[%clk 0:09:50]} Qb4 {[%clk 0:07:34]} 37. Qc4
{[%clk 0:03:03]} Qxc4 {[%clk 0:03:45]} 38. Nxc4 {[%clk 0:03:29]} Bd7
{[%clk 0:03:26]} 39. Nxe5 {[%clk 0:01:54]} fxe5 {[%clk 0:03:51]} 40. a5
{[%clk 0:30:35]} bxa5 {[%clk 0:33:48]} 41. Rb1 {[%clk 0:25:10]} Bf5
{[%clk 0:27:51]} 42. Rb5 {[%clk 0:23:51]} e4 {[%clk 0:20:22]} 43. Be2
{[%clk 0:23:45]} Rc8 {[%clk 0:20:09]} 44. Rxa5 {[%clk 0:21:05]} Rc2
{[%clk 0:20:19]} 45. Kf1 {[%clk 0:20:08]} Rc1+ {[%clk 0:20:45]} 46. Kg2
{[%clk 0:20:33]} Rc2 {[%clk 0:21:12]} 47. Kf1 {[%clk 0:20:42]} 1/2-1/2

[Event "Moscow_Open_19_TurnirA"]
[Site "?"]
[Date "2019.01.28"]
[Round "3.2"]
[White "Ponkratov, Pavel"]
[Black "Kabanov, Nikolai"]
[Result "1-0"]
[BlackElo "2447"]
[WhiteElo "2630"]
[LiveChessVersion "1.4.8"]

1. e4 {[%clk 1:30:55]} e5 {[%clk 1:30:16]} 2. Nf3 {[%clk 1:31:15]} Nf6
{[%clk 1:30:39]} 3. d4 {[%clk 1:27:29]} Nxe4 {[%clk 1:24:28]} 4. dxe5
{[%clk 1:27:17]} d5 {[%clk 1:24:45]} 5. Nbd2 {[%clk 1:27:15]} Qd7
{[%clk 1:24:59]} 6. Be2 {[%clk 1:14:23]} Nc6 {[%clk 1:23:27]} 7. O-O
{[%clk 1:14:33]} Be7 {[%clk 1:23:36]} 8. c4 {[%clk 1:14:35]} Nc5 {[%clk 1:14:05]}
9. a3 {[%clk 0:53:48]} a5 {[%clk 1:10:50]} 10. cxd5 {[%clk 0:44:09]} Qxd5
{[%clk 1:10:55]} 11. Bc4 {[%clk 0:44:36]} Qd8 {[%clk 1:11:03]} 12. Qc2
{[%clk 0:45:02]} Bg4 {[%clk 1:01:05]} 13. b3 {[%clk 0:44:21]} O-O
{[%clk 0:49:38]} 14. Bb2 {[%clk 0:44:26]} Qd7 {[%clk 0:49:48]} 15. h3
{[%clk 0:40:47]} Be6 {[%clk 0:39:05]} 16. Rad1 {[%clk 0:39:06]} Bxc4
{[%clk 0:39:09]} 17. Nxc4 {[%clk 0:39:31]} Qe6 {[%clk 0:39:29]} 18. Nd4
{[%clk 0:37:24]} Nxd4 {[%clk 0:39:49]} 19. Bxd4 {[%clk 0:37:49]} Qc6
{[%clk 0:32:29]} 20. a4 {[%clk 0:32:45]} Ne6 {[%clk 0:30:37]} 21. Be3
{[%clk 0:31:16]} Bc5 {[%clk 0:28:59]} 22. Rd3 {[%clk 0:27:13]} Rfd8
{[%clk 0:22:26]} 23. Rxd8+ {[%clk 0:22:59]} Rxd8 {[%clk 0:22:29]} 24. Nxa5
{[%clk 0:22:43]} Qd5 {[%clk 0:19:48]} 25. Nxb7 {[%clk 0:21:28]} Qxb7
{[%clk 0:20:07]} 26. Bxc5 {[%clk 0:21:54]} Qc6 {[%clk 0:15:16]} 27. Rc1
{[%clk 0:19:02]} Nf4 {[%clk 0:14:09]} 28. f3 {[%clk 0:19:27]} Rd3
{[%clk 0:14:24]} 29. Kh2 {[%clk 0:17:11]} Qd5 {[%clk 0:11:46]} 30. Bf2
{[%clk 0:14:31]} g5 {[%clk 0:09:54]} 31. Qxc7 {[%clk 0:13:59]} Ne6
{[%clk 0:05:31]} 32. Qd6 {[%clk 0:14:06]} Qxb3 {[%clk 0:05:42]} 33. Rc8+
{[%clk 0:14:31]} Kg7 {[%clk 0:06:10]} 34. Qe7 {[%clk 0:14:57]} 1-0

[Event "Moscow_Open_19_TurnirA"]
[Site "?"]
[Date "2019.01.28"]
[Round "3.3"]
[White "Kozionov, Kirill"]
[Black "Grachev, Boris"]
[Result "1/2-1/2"]
[BlackElo "2626"]
[WhiteElo "2460"]
[LiveChessVersion "1.4.8"]

1. e4 {[%clk 1:30:56]} e5 {[%clk 1:30:55]} 2. Nf3 {[%clk 1:30:58]} Nc6
{[%clk 1:31:20]} 3. Bb5 {[%clk 1:29:02]} a6 {[%clk 1:31:35]} 4. Ba4
{[%clk 1:26:21]} b5 {[%clk 1:31:57]} 5. Bb3 {[%clk 1:26:41]} g6 {[%clk 1:32:22]}
6. a4 {[%clk 1:23:09]} b4 {[%clk 1:31:58]} 7. d4 {[%clk 1:17:39]} exd4
{[%clk 1:32:05]} 8. Nxd4 {[%clk 1:17:44]} Na5 {[%clk 1:32:27]} 9. Ba2
{[%clk 1:14:39]} Bg7 {[%clk 1:29:06]} 10. O-O {[%clk 1:13:45]} Ne7
{[%clk 1:23:12]} 11. c3 {[%clk 1:09:18]} Rb8 {[%clk 1:08:46]} 12. Bg5
{[%clk 1:01:49]} h6 {[%clk 0:59:01]} 13. Bh4 {[%clk 1:01:46]} c5 {[%clk 0:48:46]}
14. Nb3 {[%clk 0:59:20]} Nxb3 {[%clk 0:37:42]} 15. Bxb3 {[%clk 0:58:16]} bxc3
{[%clk 0:30:19]} 16. Nxc3 {[%clk 0:56:10]} d6 {[%clk 0:26:14]} 17. Bg3
{[%clk 0:28:28]} O-O {[%clk 0:25:26]} 18. Bxd6 {[%clk 0:26:31]} Rxb3
{[%clk 0:24:25]} 19. Bxe7 {[%clk 0:26:55]} Qxd1 {[%clk 0:24:41]} 20. Rfxd1
{[%clk 0:23:47]} Re8 {[%clk 0:24:28]} 21. Bxc5 {[%clk 0:23:52]} Rxb2
{[%clk 0:23:22]} 22. Bd4 {[%clk 0:22:43]} Be6 {[%clk 0:22:49]} 23. Bxg7
{[%clk 0:06:32]} Kxg7 {[%clk 0:22:47]} 24. Rac1 {[%clk 0:05:27]} Rc8
{[%clk 0:19:51]} 25. Nd5 {[%clk 0:04:09]} Rxc1 {[%clk 0:17:21]} 26. Rxc1
{[%clk 0:04:36]} Bxd5 {[%clk 0:15:53]} 27. exd5 {[%clk 0:05:02]} Rd2
{[%clk 0:15:54]} 28. Kf1 {[%clk 0:05:08]} Rxd5 {[%clk 0:15:32]} 29. Rc6
{[%clk 0:04:51]} a5 {[%clk 0:15:29]} 30. Ra6 {[%clk 0:04:57]} g5 {[%clk 0:13:29]}
31. Ke2 {[%clk 0:04:46]} f6 {[%clk 0:12:30]} 32. Ke3 {[%clk 0:02:59]} h5
{[%clk 0:11:54]} 33. f3 {[%clk 0:02:24]} Kg6 {[%clk 0:10:21]} 34. g4
{[%clk 0:01:25]} hxg4 {[%clk 0:07:27]} 35. fxg4 {[%clk 0:01:52]} Rc5
{[%clk 0:06:56]} 36. Kd3 {[%clk 0:00:32]} Re5 {[%clk 0:06:51]} 37. Ra7
{[%clk 0:00:40]} Rc5 {[%clk 0:06:21]} 38. Ra6 {[%clk 0:00:47]} Kf7
{[%clk 0:06:33]} 39. h3 Ke7 {[%clk 0:02:37]} 40. Kd2 {[%clk 0:30:55]} Re5
{[%clk 0:31:33]} 41. Ra7+ {[%clk 0:29:49]} Ke6 {[%clk 0:31:45]} 1/2-1/2

[Event "Moscow_Open_19_TurnirA"]
[Site "?"]
[Date "2019.01.28"]
[Round "3.4"]
[White "Goganov, Aleksey"]
[Black "Drygalov, Sergey"]
[Result "1-0"]
[BlackElo "2442"]
[WhiteElo "2612"]
[LiveChessVersion "1.4.8"]

1. d4 {[%clk 1:30:55]} Nf6 {[%clk 1:30:55]} 2. c4 {[%clk 1:31:20]} e6
{[%clk 1:31:22]} 3. Nf3 {[%clk 1:31:42]} b6 {[%clk 1:31:48]} 4. a3
{[%clk 1:30:47]} Ba6 {[%clk 1:32:05]} 5. Qc2 {[%clk 1:30:09]} Bb7
{[%clk 1:32:31]} 6. Nc3 {[%clk 1:30:12]} c5 {[%clk 1:32:57]} 7. e4
{[%clk 1:30:31]} cxd4 {[%clk 1:33:23]} 8. Nxd4 {[%clk 1:30:58]} Bc5
{[%clk 1:33:50]} 9. Nb3 {[%clk 1:30:16]} Nc6 {[%clk 1:34:15]} 10. Qd3
{[%clk 1:28:29]} O-O {[%clk 1:28:06]} 11. Be2 {[%clk 1:23:46]} d6
{[%clk 1:26:10]} 12. O-O {[%clk 1:16:20]} Qe7 {[%clk 1:06:19]} 13. Bf4
{[%clk 1:11:40]} Ne5 {[%clk 1:04:05]} 14. Qc2 {[%clk 1:11:40]} Rac8
{[%clk 0:57:50]} 15. Rad1 {[%clk 1:11:02]} Rfd8 {[%clk 0:55:19]} 16. Kh1
{[%clk 1:06:39]} Nc6 {[%clk 0:47:56]} 17. Bg5 {[%clk 0:55:35]} h6
{[%clk 0:45:21]} 18. Bh4 {[%clk 0:56:03]} g5 {[%clk 0:44:53]} 19. Bg3
{[%clk 0:56:29]} e5 {[%clk 0:45:19]} 20. Nd5 {[%clk 0:52:11]} Qe6
{[%clk 0:39:47]} 21. Qd3 {[%clk 0:49:09]} Ne7 {[%clk 0:38:00]} 22. Nd2
{[%clk 0:33:43]} Nfxd5 {[%clk 0:33:24]} 23. cxd5 {[%clk 0:31:53]} Qg6
{[%clk 0:24:54]} 24. b4 {[%clk 0:27:24]} Bd4 {[%clk 0:25:07]} 25. Nf3
{[%clk 0:27:49]} Rc3 {[%clk 0:24:26]} 26. Qb1 {[%clk 0:28:10]} f5
{[%clk 0:16:35]} 27. Nxd4 {[%clk 0:27:15]} exd4 {[%clk 0:16:40]} 28. f3
{[%clk 0:26:11]} Re3 {[%clk 0:15:32]} 29. Bd3 {[%clk 0:25:27]} f4
{[%clk 0:09:15]} 30. Bf2 {[%clk 0:25:51]} Qg7 {[%clk 0:08:17]} 31. Qb2
{[%clk 0:24:52]} Rc8 {[%clk 0:07:55]} 32. Bxe3 {[%clk 0:18:32]} fxe3
{[%clk 0:08:02]} 33. Rc1 {[%clk 0:12:36]} Ng6 {[%clk 0:07:49]} 34. Rxc8+
{[%clk 0:12:51]} Bxc8 {[%clk 0:08:09]} 35. e5 {[%clk 0:10:25]} Qxe5
{[%clk 0:01:18]} 36. Bxg6 {[%clk 0:10:22]} Ba6 {[%clk 0:01:02]} 37. b5
{[%clk 0:10:44]} Bc8 {[%clk 0:01:12]} 38. Qc2 {[%clk 0:09:57]} 1-0

[Event "Moscow_Open_19_TurnirA"]
[Site "?"]
[Date "2019.01.28"]
[Round "3.5"]
[White "Lugovskoy, Maxim"]
[Black "Kokarev, Dmitry"]
[Result "0-1"]
[BlackElo "2605"]
[WhiteElo "2445"]
[LiveChessVersion "1.4.8"]

1. e4 c5 {[%clk 1:30:53]} 2. Nf3 {[%clk 1:31:21]} d6 {[%clk 1:31:18]} 3. Bb5+
{[%clk 1:31:47]} Nd7 {[%clk 1:31:43]} 4. d4 {[%clk 1:31:37]} cxd4
{[%clk 1:32:07]} 5. Qxd4 {[%clk 1:31:54]} a6 {[%clk 1:32:32]} 6. Bxd7+
{[%clk 1:32:12]} Bxd7 {[%clk 1:32:56]} 7. c4 {[%clk 1:32:32]} Nf6
{[%clk 1:33:12]} 8. O-O {[%clk 1:32:05]} g6 {[%clk 1:33:35]} 9. Nc3
{[%clk 1:29:48]} Bg7 {[%clk 1:33:45]} 10. Qd3 {[%clk 1:29:28]} O-O
{[%clk 1:34:05]} 11. Bg5 {[%clk 1:29:30]} h6 {[%clk 1:31:58]} 12. Be3
{[%clk 1:20:09]} b5 {[%clk 1:30:15]} 13. cxb5 {[%clk 1:14:01]} axb5
{[%clk 1:30:23]} 14. a3 {[%clk 1:14:06]} Qb8 {[%clk 1:26:37]} 15. Qd2
{[%clk 1:06:27]} Kh7 {[%clk 1:22:23]} 16. Nd4 {[%clk 1:00:25]} Ng4
{[%clk 1:17:34]} 17. Nc2 {[%clk 0:47:52]} Nxe3 {[%clk 1:03:33]} 18. Qxe3
{[%clk 0:46:40]} Qa7 {[%clk 0:54:42]} 19. Qd3 {[%clk 0:43:44]} Rfc8
{[%clk 0:54:30]} 20. Nb4 {[%clk 0:42:43]} Rc4 {[%clk 0:50:06]} 21. h4
{[%clk 0:21:14]} Rac8 {[%clk 0:44:07]} 22. Rfc1 {[%clk 0:21:05]} h5
{[%clk 0:40:35]} 23. Qf3 {[%clk 0:20:40]} Be6 {[%clk 0:39:57]} 24. Nbd5
{[%clk 0:18:00]} Qb7 {[%clk 0:36:02]} 25. Re1 {[%clk 0:17:13]} Kg8
{[%clk 0:35:33]} 26. e5 {[%clk 0:14:36]} Kh8 {[%clk 0:35:14]} 27. exd6
{[%clk 0:13:44]} exd6 {[%clk 0:33:22]} 28. Re4 {[%clk 0:11:03]} Rxe4
{[%clk 0:30:24]} 29. Qxe4 {[%clk 0:11:24]} Rc4 {[%clk 0:30:06]} 30. Qf3
{[%clk 0:11:40]} Rxh4 {[%clk 0:21:42]} 31. Rd1 {[%clk 0:11:58]} Rd4
{[%clk 0:17:19]} 32. Rxd4 {[%clk 0:11:56]} Bxd4 {[%clk 0:17:46]} 33. Qf4
{[%clk 0:09:14]} Be5 {[%clk 0:17:41]} 34. Qd2 {[%clk 0:09:20]} Kh7
{[%clk 0:16:18]} 35. Kh1 {[%clk 0:07:14]} Bxd5 {[%clk 0:14:40]} 36. Nxd5
{[%clk 0:07:12]} Bxb2 {[%clk 0:14:50]} 37. Qd3 {[%clk 0:04:41]} Qc6
{[%clk 0:13:27]} 38. Qb3 {[%clk 0:03:50]} Bd4 {[%clk 0:12:16]} 39. Qf3
{[%clk 0:03:26]} Kg7 {[%clk 0:12:20]} 40. Qe4 {[%clk 0:32:27]} 0-1

[Event "Moscow_Open_19_TurnirA"]
[Site "?"]
[Date "2019.01.28"]
[Round "3.6"]
[White "Bryakin, Mikhail"]
[Black "Kryakvin, Dmitry"]
[Result "1-0"]
[BlackElo "2588"]
[WhiteElo "2426"]
[LiveChessVersion "1.4.8"]

1. d4 {[%clk 1:30:57]} g6 {[%clk 1:30:54]} 2. c4 {[%clk 1:31:15]} Bg7
{[%clk 1:31:18]} 3. Nc3 {[%clk 1:29:39]} Nf6 {[%clk 1:31:02]} 4. e4
{[%clk 1:29:59]} d6 {[%clk 1:31:26]} 5. h3 {[%clk 1:30:18]} O-O {[%clk 1:31:48]}
6. Be3 {[%clk 1:30:44]} Na6 {[%clk 1:31:46]} 7. Bd3 {[%clk 1:27:35]} c6
{[%clk 1:29:31]} 8. Nf3 {[%clk 1:26:15]} e5 {[%clk 1:26:24]} 9. d5
{[%clk 1:24:23]} Nh5 {[%clk 1:25:54]} 10. O-O {[%clk 1:22:15]} Nf4
{[%clk 1:22:56]} 11. a3 {[%clk 1:18:45]} f5 {[%clk 1:16:03]} 12. Bxf4
{[%clk 1:15:45]} exf4 {[%clk 1:15:55]} 13. exf5 {[%clk 1:15:38]} gxf5
{[%clk 1:11:50]} 14. Qd2 {[%clk 1:10:09]} Nc5 {[%clk 1:08:47]} 15. Bc2
{[%clk 1:06:34]} cxd5 {[%clk 1:05:06]} 16. cxd5 {[%clk 1:05:14]} Bh6
{[%clk 0:55:08]} 17. Rfe1 {[%clk 1:00:23]} Bd7 {[%clk 0:54:45]} 18. b4
{[%clk 0:56:55]} Na6 {[%clk 0:55:09]} 19. Ne2 {[%clk 0:52:18]} Rc8
{[%clk 0:53:46]} 20. Ned4 {[%clk 0:52:03]} Qf6 {[%clk 0:52:20]} 21. Bb3
{[%clk 0:46:00]} Kh8 {[%clk 0:50:17]} 22. Ne6 {[%clk 0:45:50]} Rg8
{[%clk 0:48:43]} 23. Rac1 {[%clk 0:42:28]} Rxc1 {[%clk 0:47:23]} 24. Rxc1
{[%clk 0:38:04]} Qg6 {[%clk 0:46:24]} 25. Qc3+ {[%clk 0:29:02]} Bg7
{[%clk 0:45:44]} 26. Nxg7 {[%clk 0:28:48]} Rxg7 {[%clk 0:45:09]} 27. Ne1
{[%clk 0:28:48]} Qg5 {[%clk 0:36:53]} 28. Bd1 {[%clk 0:26:35]} f3
{[%clk 0:34:20]} 29. Bxf3 {[%clk 0:26:14]} f4 {[%clk 0:34:50]} 30. Qd4
{[%clk 0:23:59]} Bxh3 {[%clk 0:29:32]} 31. Nd3 {[%clk 0:21:07]} Kg8
{[%clk 0:19:12]} 32. Nxf4 {[%clk 0:17:58]} Bg4 {[%clk 0:17:14]} 33. Bxg4
{[%clk 0:16:50]} Qxg4 {[%clk 0:17:40]} 34. g3 {[%clk 0:16:18]} Nc7
{[%clk 0:17:31]} 35. Qxa7 {[%clk 0:11:51]} Qxf4 {[%clk 0:12:36]} 36. Rxc7
{[%clk 0:12:01]} Rxg3+ {[%clk 0:12:14]} 37. fxg3 {[%clk 0:12:21]} Qxg3+
{[%clk 0:12:37]} 38. Kf1 {[%clk 0:11:49]} Qh3+ {[%clk 0:08:58]} 39. Ke1
{[%clk 0:11:00]} Qh1+ {[%clk 0:09:17]} 40. Kd2 {[%clk 0:30:03]} Qxd5+
{[%clk 0:38:02]} 41. Kc1 {[%clk 0:37:22]} Qg5+ {[%clk 0:38:10]} 42. Kb1
{[%clk 0:35:59]} 1-0

[Event "Moscow_Open_19_TurnirA"]
[Site "?"]
[Date "2019.01.28"]
[Round "3.7"]
[White "Pridorozhni, Aleksei"]
[Black "Korchmar, Vasiliy"]
[Result "1-0"]
[BlackElo "2424"]
[WhiteElo "2568"]
[LiveChessVersion "1.4.8"]

1. e4 {[%clk 1:30:37]} c5 {[%clk 1:30:36]} 2. Nf3 {[%clk 1:30:57]} Nc6
{[%clk 1:30:50]} 3. Bb5 {[%clk 1:30:27]} g6 {[%clk 1:31:11]} 4. O-O
{[%clk 1:30:15]} Bg7 {[%clk 1:31:35]} 5. Re1 {[%clk 1:30:33]} e5 {[%clk 1:27:31]}
6. Bxc6 {[%clk 1:22:22]} dxc6 {[%clk 1:27:53]} 7. h3 {[%clk 1:22:48]} Nh6
{[%clk 1:14:18]} 8. d3 {[%clk 1:18:44]} f6 {[%clk 1:14:33]} 9. a3
{[%clk 1:17:48]} a5 {[%clk 1:12:29]} 10. Be3 {[%clk 1:13:31]} Qe7
{[%clk 1:09:08]} 11. Nc3 {[%clk 1:12:45]} a4 {[%clk 1:00:53]} 12. b3
{[%clk 1:12:21]} axb3 {[%clk 0:50:11]} 13. cxb3 {[%clk 1:12:46]} b6
{[%clk 0:46:49]} 14. b4 {[%clk 1:02:32]} cxb4 {[%clk 0:45:40]} 15. axb4
{[%clk 1:02:58]} Rxa1 {[%clk 0:36:03]} 16. Qxa1 {[%clk 1:03:16]} Qxb4
{[%clk 0:36:27]} 17. Qa8 {[%clk 1:00:34]} O-O {[%clk 0:36:40]} 18. Qxc6
{[%clk 1:00:57]} Ba6 {[%clk 0:26:14]} 19. Ra1 {[%clk 0:53:36]} Bb7
{[%clk 0:23:32]} 20. Qxb7 {[%clk 0:53:30]} Qxc3 {[%clk 0:23:58]} 21. Ra7
{[%clk 0:53:43]} Nf7 {[%clk 0:23:41]} 22. Qd5 {[%clk 0:53:57]} Qc8
{[%clk 0:05:49]} 23. Kh2 {[%clk 0:54:08]} g5 {[%clk 0:02:27]} 24. Bxb6
{[%clk 0:51:50]} g4 {[%clk 0:02:55]} 25. Ng1 {[%clk 0:51:59]} gxh3
{[%clk 0:01:29]} 26. Nxh3 {[%clk 0:52:24]} Bh6 {[%clk 0:00:35]} 27. Bc5
{[%clk 0:51:40]} Qg4 {[%clk 0:00:59]} 28. Bxf8 {[%clk 0:51:12]} Bf4+
{[%clk 0:01:25]} 29. Nxf4 {[%clk 0:51:17]} Qxf4+ {[%clk 0:01:50]} 30. Kh3
{[%clk 0:51:41]} 1-0

[Event "Moscow_Open_19_TurnirA"]
[Site "?"]
[Date "2019.01.28"]
[Round "3.8"]
[White "Savitskiy, Sergey"]
[Black "Mozharov, Mikhail"]
[Result "0-1"]
[BlackElo "2549"]
[WhiteElo "2411"]
[LiveChessVersion "1.4.8"]

1. e4 {[%clk 1:30:56]} e6 {[%clk 1:30:37]} 2. Nc3 {[%clk 1:29:58]} d5
{[%clk 1:30:36]} 3. Nf3 {[%clk 1:30:21]} d4 {[%clk 1:30:54]} 4. Ne2
{[%clk 1:30:37]} c5 {[%clk 1:31:19]} 5. d3 {[%clk 1:25:31]} Nc6 {[%clk 1:31:29]}
6. g3 {[%clk 1:25:57]} e5 {[%clk 1:31:44]} 7. Bg2 {[%clk 1:26:22]} Be7
{[%clk 1:31:42]} 8. O-O {[%clk 1:26:36]} h5 {[%clk 1:32:39]} 9. h4
{[%clk 1:15:47]} Nf6 {[%clk 1:32:37]} 10. Nh2 {[%clk 1:14:35]} Ng4
{[%clk 1:32:27]} 11. f4 {[%clk 1:11:50]} exf4 {[%clk 1:27:48]} 12. Nxf4
{[%clk 1:11:39]} Nxh2 {[%clk 1:28:01]} 13. Kxh2 {[%clk 1:12:03]} Bg4
{[%clk 1:28:27]} 14. Qe1 {[%clk 1:10:37]} Bd6 {[%clk 1:17:16]} 15. Kg1
{[%clk 1:02:32]} Qb8 {[%clk 1:14:06]} 16. Kh2 {[%clk 0:50:01]} Ne5
{[%clk 1:10:14]} 17. Nd5 {[%clk 0:49:00]} Be6 {[%clk 1:10:14]} 18. Bf4
{[%clk 0:47:55]} Ng4+ {[%clk 0:52:04]} 19. Kg1 {[%clk 0:48:05]} Bxf4
{[%clk 0:50:47]} 20. Rxf4 {[%clk 0:41:20]} Ne5 {[%clk 0:43:55]} 21. b4
{[%clk 0:34:36]} Qd6 {[%clk 0:39:09]} 22. Rb1 {[%clk 0:30:49]} O-O
{[%clk 0:36:13]} 23. bxc5 {[%clk 0:22:15]} Qxc5 {[%clk 0:36:19]} 24. Qe2
{[%clk 0:22:30]} Bg4 {[%clk 0:34:43]} 25. Qd2 {[%clk 0:22:38]} b6
{[%clk 0:34:22]} 26. a4 {[%clk 0:22:31]} Bd7 {[%clk 0:30:42]} 27. Rf6
{[%clk 0:10:00]} Rfe8 {[%clk 0:23:09]} 28. Qg5 {[%clk 0:09:13]} Ng4
{[%clk 0:22:42]} 29. Rf3 {[%clk 0:00:52]} Re5 {[%clk 0:21:34]} 30. Qd2
{[%clk 0:00:47]} Bxa4 {[%clk 0:20:48]} 31. Rc1 {[%clk 0:00:34]} Rc8
{[%clk 0:17:44]} 32. Bh3 {[%clk 0:00:44]} Bd7 {[%clk 0:17:45]} 33. Bxg4
{[%clk 0:00:39]} Bxg4 {[%clk 0:17:34]} 34. Rf2 {[%clk 0:00:56]} Qd6
{[%clk 0:09:10]} 35. Kh2 {[%clk 0:00:36]} Be6 {[%clk 0:09:12]} 36. Nf4
{[%clk 0:01:00]} Rec5 {[%clk 0:09:05]} 37. Qb4 {[%clk 0:00:44]} a5
{[%clk 0:08:21]} 38. Qb2 {[%clk 0:01:08]} Rd8 {[%clk 0:08:44]} 39. Rcf1
{[%clk 0:00:41]} f6 {[%clk 0:07:47]} 40. Ra1 {[%clk 0:30:41]} Bf7
{[%clk 0:38:01]} 41. Ra4 {[%clk 0:29:01]} Be8 {[%clk 0:34:33]} 42. Qb3+
{[%clk 0:27:57]} Kh7 {[%clk 0:33:34]} 43. Ra1 {[%clk 0:27:53]} a4
{[%clk 0:31:45]} 44. Qb2 {[%clk 0:28:02]} Rb5 {[%clk 0:27:58]} 45. Qa2
{[%clk 0:28:10]} Re5 {[%clk 0:27:47]} 46. Nd5 {[%clk 0:24:11]} b5
{[%clk 0:26:33]} 47. Qb2 {[%clk 0:22:56]} Qc5 {[%clk 0:25:32]} 48. Qa2
{[%clk 0:17:18]} Rd6 {[%clk 0:24:01]} 49. Qb2 {[%clk 0:16:55]} Bf7
{[%clk 0:22:13]} 50. Nb4 {[%clk 0:17:18]} f5 {[%clk 0:22:18]} 51. Raf1
{[%clk 0:16:48]} Bg6 {[%clk 0:21:48]} 52. exf5 {[%clk 0:17:05]} Rxf5
{[%clk 0:22:00]} 53. Rxf5 {[%clk 0:16:29]} Bxf5 {[%clk 0:22:25]} 54. Qc1
{[%clk 0:16:45]} Bg4 {[%clk 0:22:04]} 55. Qd2 {[%clk 0:16:43]} Re6
{[%clk 0:21:59]} 56. Rf2 {[%clk 0:17:04]} Re3 {[%clk 0:22:20]} 57. Na2
{[%clk 0:17:15]} Qe5 {[%clk 0:22:43]} 58. Rg2 {[%clk 0:17:38]} Bf3
{[%clk 0:23:10]} 0-1

[Event "Moscow_Open_19_TurnirA"]
[Site "?"]
[Date "2019.01.28"]
[Round "3.9"]
[White "Tsydypov, Zhamsaran"]
[Black "Yeletsky, Ivan"]
[Result "0-1"]
[BlackElo "2406"]
[WhiteElo "2545"]
[LiveChessVersion "1.4.8"]

1. e4 {[%clk 1:21:31]} c5 {[%clk 1:30:26]} 2. Nf3 {[%clk 1:20:19]} d6
{[%clk 1:30:44]} 3. d4 {[%clk 1:20:40]} cxd4 {[%clk 1:31:05]} 4. Nxd4
{[%clk 1:21:04]} Nf6 {[%clk 1:31:27]} 5. Nc3 {[%clk 1:21:29]} a6 {[%clk 1:31:47]}
6. Be3 {[%clk 1:20:27]} e5 {[%clk 1:31:59]} 7. Nb3 {[%clk 1:20:43]} Be6
{[%clk 1:32:14]} 8. Qd2 {[%clk 1:19:00]} Nbd7 {[%clk 1:32:24]} 9. O-O-O
{[%clk 1:18:00]} b5 10. f4 {[%clk 1:14:59]} Rc8 {[%clk 1:19:48]} 11. Kb1
{[%clk 1:10:37]} Be7 {[%clk 1:18:08]} 12. Bd3 {[%clk 1:04:50]} O-O
{[%clk 1:10:10]} 13. Rhf1 {[%clk 1:02:10]} Nb6 {[%clk 0:53:03]} 14. fxe5
{[%clk 1:00:01]} dxe5 {[%clk 0:52:39]} 15. Qf2 {[%clk 0:59:56]} Nfd7
{[%clk 0:46:02]} 16. Nd5 {[%clk 0:57:06]} Bxd5 {[%clk 0:46:13]} 17. exd5
{[%clk 0:57:15]} Nc4 {[%clk 0:46:32]} 18. Nd2 {[%clk 0:47:05]} Nxe3
{[%clk 0:34:22]} 19. Qxe3 {[%clk 0:47:28]} g6 {[%clk 0:34:11]} 20. Ne4
{[%clk 0:41:54]} f5 {[%clk 0:33:41]} 21. d6 {[%clk 0:42:17]} fxe4
{[%clk 0:23:18]} 22. dxe7 {[%clk 0:42:09]} Qxe7 {[%clk 0:23:32]} 23. Bxe4
{[%clk 0:35:06]} Rxf1 {[%clk 0:23:38]} 24. Rxf1 {[%clk 0:35:27]} Nf6
{[%clk 0:24:00]} 25. Bf3 {[%clk 0:31:18]} Rd8 {[%clk 0:18:19]} 26. a3
{[%clk 0:25:57]} Kg7 {[%clk 0:18:20]} 27. Re1 {[%clk 0:25:40]} e4
{[%clk 0:17:16]} 28. Qc3 {[%clk 0:25:16]} Kg8 {[%clk 0:17:33]} 29. Qc6
{[%clk 0:23:47]} Rd6 {[%clk 0:17:27]} 30. Qc8+ {[%clk 0:22:30]} Kg7
{[%clk 0:15:05]} 31. Qc3 {[%clk 0:21:28]} Re6 {[%clk 0:14:22]} 32. Be2
{[%clk 0:20:52]} h5 {[%clk 0:12:01]} 33. Qe3 {[%clk 0:18:01]} Qc7
{[%clk 0:09:37]} 34. g3 {[%clk 0:17:54]} Rc6 {[%clk 0:09:27]} 35. Qd2
{[%clk 0:17:11]} Rd6 {[%clk 0:08:16]} 36. Qf4 {[%clk 0:16:07]} Qc5
{[%clk 0:07:41]} 37. Rf1 {[%clk 0:15:15]} a5 {[%clk 0:07:07]} 38. h3
{[%clk 0:13:34]} b4 {[%clk 0:06:11]} 39. a4 {[%clk 0:09:08]} Rc6 {[%clk 0:05:53]}
40. Bd1 {[%clk 0:38:43]} e3 {[%clk 0:31:39]} 41. Re1 {[%clk 0:36:56]} Rd6 42. Kc1
{[%clk 0:34:25]} b3 {[%clk 0:16:46]} 43. c3 {[%clk 0:32:44]} Rd3 {[%clk 0:16:30]}
44. Rf1 {[%clk 0:31:21]} Rxc3+ {[%clk 0:16:25]} 45. bxc3 {[%clk 0:29:19]} Qa3+
{[%clk 0:16:45]} 0-1